[Event "EU-chT Seniors 50"]
[Site "Dresden"]
[Date "2022.11.02"]
[Round "7.2"]
[White "Berglitz, Regina"]
[Black "Schaefer, Bernd"]
[Result "1/2-1/2"]
[WhiteElo "1949"]
[BlackElo "2054"]
[PlyCount "88"]
[EventDate "2022.10.27"]
[EventType "team-swiss"]
[EventRounds "9"]
[EventCountry "GER"]
[SourceTitle "EXT 2024"]
[Source "ChessBase"]
[SourceDate "2023.10.10"]
[SourceVersion "1"]
[SourceVersionDate "2023.10.10"]
[SourceQuality "1"]
[WhiteTeam "Germany (Women) 50 II"]
[BlackTeam "Markkleeberg 50 II"]
[WhiteTeamCountry "GER"]
[BlackTeamCountry "GER"]

1. e4 c5 2. Nf3 a6 3. c3 e6 4. d4 d5 5. e5 Bd7 6. Bd3 Bb5 7. 0-0 Bxd3 8. Qxd3 Nc6 9. Be3 Qb6 10. b3 Rc8 11. Nbd2 cxd4 12. cxd4 Ba3 13. b4 Bxb4 14. Rfb1 Qa7 15. a3 Bxd2 16. Bxd2 Nge7 17. Bb4 Nxb4 18. axb4 Rc4 19. Qa3 0-0 20. b5 Nf5 21. b6 Qb8 22. Rd1 h5 23. h3 h4 24. Qb2 Rfc8 25. Ra2 R8c6 26. Ra3 Qd8 27. Rb3 Qc8 28. Qd2 Qd8 29. Qb2 Rc2 30. Qb1 Qc8 31. Rbd3 Qd8 32. Rb3 Qc8 33. Rbd3 R6c4 34. Ne1 Rc1 35. Qb2 Rxd1 36. Rxd1 Qc6 37. Nf3 a5 38. Qd2 Qxb6 39. Qg5 Nxd4 40. Nxh4 Rc2 41. Rd3 Nf5 42. Nxf5 Qxf2+ 43. Kh2 Qxf5 44. Qd8+ Kh7 1/2-1/2

[Event "Hamburg-chT Landesliga 1415"]
[Site "Hamburg"]
[Date "2015.04.18"]
[Round "8.6"]
[White "Schuetze, Wolf Thomas"]
[Black "Berglitz, Regina"]
[Result "1-0"]
[WhiteElo "2081"]
[BlackElo "1892"]
[PlyCount "83"]
[EventDate "2014.09.21"]
[EventType "team-tourn"]
[EventRounds "9"]
[EventCountry "GER"]
[SourceTitle "EXT 2022"]
[Source "ChessBase"]
[SourceDate "2021.10.06"]
[SourceVersion "1"]
[SourceVersionDate "2021.10.06"]
[SourceQuality "1"]
[WhiteTeam "St Pauli II"]
[BlackTeam "Hamburger SK IV"]
[WhiteTeamCountry "GER"]
[BlackTeamCountry "GER"]

1. Nf3 Nf6 2. d4 d5 3. c4 e6 4. Nc3 Be7 5. cxd5 exd5 6. Bf4 c6 7. e3 Bf5 8. Be2 Ne4 9. Nxe4 dxe4 10. Nd2 Nd7 11. 0-0 Nf6 12. Bc4 0-0 13. a3 Bg4 14. Be2 Bxe2 15. Qxe2 Qd5 16. Rfc1 Rac8 17. b4 a5 18. bxa5 Qxa5 19. Rcb1 b5 20. Bg5 Rfe8 21. Bxf6 Bxf6 22. Nb3 Qd8 23. a4 bxa4 24. Rxa4 Rb8 25. Qc2 Qd5 26. Rc4 Rb6 27. Nd2 Rxb1+ 28. Qxb1 g6 29. Rc5 Qe6 30. Qc2 Qg4 31. Rxc6 Kg7 32. Nf1 Ra8 33. h3 Qf5 34. Ng3 Ra1+ 35. Kh2 Qd5 36. Qxe4 Qa5 37. Qf4 Bg5 38. Qe5+ Qxe5 39. dxe5 Ra2 40. Ne4 Bh4 41. g3 Bd8 42. Kg2 1-0

[Event "Bayern-chI Bank Hofmann 18th"]
[Site "Bad Wiessee"]
[Date "2014.10.25"]
[Round "1"]
[White "Berglitz, Regina"]
[Black "Rozentalis, Eduardas"]
[Result "0-1"]
[WhiteElo "2021"]
[BlackElo "2600"]
[PlyCount "60"]
[EventDate "2014.10.25"]
[EventType "swiss"]
[EventRounds "9"]
[EventCountry "GER"]
[SourceTitle "EXT 2015"]
[Source "ChessBase"]
[SourceDate "2014.11.20"]
[SourceVersion "1"]
[SourceVersionDate "2014.11.20"]
[SourceQuality "1"]

1. e4 e6 2. d4 d5 3. e5 c5 4. c3 Qb6 5. Nf3 Bd7 6. Na3 cxd4 7. cxd4 Bb4+ 8. Bd2 Ne7 9. Be2 Nbc6 10. Bxb4 Qxb4+ 11. Qd2 Qxd2+ 12. Kxd2 f6 13. Nb5 0-0 14. Nd6 fxe5 15. dxe5 Ng6 16. b4 Ncxe5 17. Rhc1 Nxf3+ 18. gxf3 Rf4 19. Rc7 Ba4 20. Nxb7 Rxb4 21. Nc5 Rb2+ 22. Ke1 Nf4 23. Nxa4 Rxe2+ 24. Kf1 Rb8 25. Nc3 Rd2 26. Rxa7 h6 27. a4 Rb3 28. Ke1 Rc2 29. Nd1 Nd3+ 30. Kf1 Nxf2 0-1

[Event "BL 1011 (Women)"]
[Site "Germany"]
[Date "2011.02.20"]
[Round "9.6"]
[White "Higgelke, Anne"]
[Black "Berglitz, Regina"]
[Result "0-1"]
[WhiteElo "2010"]
[BlackElo "2041"]
[PlyCount "94"]
[EventDate "2010.11.06"]
[EventType "team-tourn"]
[EventRounds "11"]
[EventCountry "GER"]
[SourceTitle "EXT 2012"]
[Source "ChessBase"]
[SourceDate "2011.11.24"]
[SourceVersion "1"]
[SourceVersionDate "2011.11.24"]
[SourceQuality "1"]
[WhiteTeam "Torgelow (W)"]
[BlackTeam "Hamburger SK (W)"]
[WhiteTeamCountry "GER"]
[BlackTeamCountry "GER"]

1. c4 Nf6 2. Nc3 c5 3. Nf3 d5 4. cxd5 Nxd5 5. Qb3 e6 6. g3 Nc6 7. Bg2 Be7 8. 0-0 0-0 9. Rd1 Na5 10. Qc2 Nc6 11. a3 Nc7 12. Ne4 Nd4 13. Nxd4 cxd4 14. b4 Nd5 15. Bb2 e5 16. e3 a5 17. bxa5 Rxa5 18. exd4 exd4 19. Bxd4 Bg4 20. f3 Bd7 21. Qb2 Rb5 22. Qc2 Ra5 23. Rdb1 Bc6 24. Bc5 Bxc5+ 25. Nxc5 Qe7 26. Rc1 Rfa8 27. a4 h6 28. Rcb1 Qxc5+ 29. Qxc5 Rxc5 30. f4 Rca5 31. Re1 Rxa4 32. Rxa4 Rxa4 33. Re5 Rd4 34. Re2 b5 35. Kf2 b4 36. Bxd5 Rxd5 37. Ke3 Bb5 38. Re1 Rd3+ 39. Ke4 Rxd2 40. Ke3 Rd3+ 41. Ke4 b3 42. Rb1 Bc4 43. Rb2 Kf8 44. g4 Rc3 45. h4 Rc2 46. Rb1 b2 47. g5 Ba2 0-1

[Event "BL 0910 (Women)"]
[Site "Germany"]
[Date "2010.03.13"]
[Round "8.5"]
[White "Schulz, Anja"]
[Black "Berglitz, Regina"]
[Result "1-0"]
[WhiteElo "1996"]
[BlackElo "2066"]
[PlyCount "69"]
[EventDate "2009.11.07"]
[EventType "team-tourn"]
[EventRounds "11"]
[EventCountry "GER"]
[SourceTitle "CBM 133 Extra"]
[Source "ChessBase"]
[SourceDate "2010.01.05"]
[SourceVersion "1"]
[SourceVersionDate "2010.01.05"]
[SourceQuality "1"]
[WhiteTeam "Rodewisch (W)"]
[BlackTeam "Hamburger SK (W)"]
[WhiteTeamCountry "GER"]
[BlackTeamCountry "GER"]

1. e4 d5 2. exd5 Qxd5 3. Nc3 Qa5 4. d4 c6 5. Bc4 Bf5 6. Bd2 e6 7. Qe2 Bb4 8. Nf3 Nf6 9. 0-0 Nbd7 10. a3 Bxc3 11. Bxc3 Qc7 12. Ne5 Nd5 13. Nxd7 Nxc3 14. bxc3 Kxd7 15. Rfe1 Rhe8 16. Qf3 Bg6 17. Rad1 Rad8 18. Bb3 Kc8 19. Re5 Kb8 20. Rde1 Rd7 21. Ba4 Red8 22. Bb3 h5 23. h4 Qb6 24. a4 Qc7 25. a5 Qd6 26. Rb1 a6 27. Bc4 Kc7 28. Qe2 Rc8 29. Bxe6 fxe6 30. Rxe6 Qd5 31. Rxg6 Qxa5 32. Rg5 Rd5 33. Qe7+ Rd7 34. Qxd7+ Kxd7 35. Rxa5 1-0

[Event "GER-ch (Women)"]
[Site "Hockenheim"]
[Date "2009.08.29"]
[Round "8"]
[White "Berglitz, Regina"]
[Black "Niedermaier, Barbara"]
[Result "1/2-1/2"]
[WhiteElo "2066"]
[BlackElo "1995"]
[PlyCount "67"]
[EventDate "2009.08.21"]
[EventType "swiss"]
[EventRounds "9"]
[EventCountry "GER"]
[SourceTitle "CBM 131 Extra"]
[Source "ChessBase"]
[SourceDate "2009.09.03"]
[SourceVersion "2"]
[SourceVersionDate "2009.09.16"]
[SourceQuality "1"]

1. e4 c5 2. c3 b6 3. d4 Bb7 4. Nd2 e6 5. Ngf3 d5 6. e5 Nc6 7. Bd3 Nge7 8. 0-0 Ng6 9. Re1 Be7 10. a3 0-0 11. Nf1 Rc8 12. b4 c4 13. Bb1 b5 14. Ng3 a5 15. Bd2 axb4 16. axb4 Ra8 17. Bc2 Qb6 18. Rxa8 Rxa8 19. Ng5 Bxg5 20. Bxg5 Ra3 21. Bd2 Qa7 22. f4 Nce7 23. f5 exf5 24. Nxf5 Nxf5 25. Bxf5 Ne7 26. Bc2 Bc8 27. Rf1 Ng6 28. Qe1 Be6 29. h4 Ra2 30. Bb1 Rb2 31. Bg5 h6 32. Be3 Bg4 33. Qg3 Qd7 34. Bxg6 1/2-1/2

[Event "GER-ch (Women)"]
[Site "Hockenheim"]
[Date "2009.08.27"]
[Round "6"]
[White "Berglitz, Regina"]
[Black "Kopylov, Luba"]
[Result "0-1"]
[WhiteElo "2066"]
[BlackElo "1683"]
[PlyCount "62"]
[EventDate "2009.08.21"]
[EventType "swiss"]
[EventRounds "9"]
[EventCountry "GER"]
[SourceTitle "CBM 131 Extra"]
[Source "ChessBase"]
[SourceDate "2009.09.03"]
[SourceVersion "2"]
[SourceVersionDate "2009.09.16"]
[SourceQuality "1"]

1. e4 c5 2. c3 Qa5 3. Bd3 Nc6 4. Nf3 d6 5. Na3 e6 6. 0-0 Nf6 7. Re1 Be7 8. Nc4 Qc7 9. Bc2 d5 10. exd5 exd5 11. Nce5 Be6 12. d4 cxd4 13. cxd4 Rc8 14. Nxc6 Qxc6 15. Bd3 0-0 16. Ng5 Bb4 17. Bd2 Bg4 18. f3 Bxd2 19. Qxd2 Bh5 20. Nh3 Bg6 21. Nf4 Bxd3 22. Nxd3 b6 23. Re7 Qa4 24. Qf4 Qc2 25. Qf5 Qc4 26. Nf2 Qxd4 27. Rae1 Qd2 28. R7e2 Rc1 29. Qe5 Ne4 30. Nd3 Qxe2 31. Rxc1 Qxd3 0-1

[Event "GER-ch (Women)"]
[Site "Hockenheim"]
[Date "2009.08.25"]
[Round "4"]
[White "Berglitz, Regina"]
[Black "Zilberman, Polina"]
[Result "1/2-1/2"]
[WhiteElo "2066"]
[BlackElo "2191"]
[PlyCount "52"]
[EventDate "2009.08.21"]
[EventType "swiss"]
[EventRounds "9"]
[EventCountry "GER"]
[SourceTitle "CBM 131 Extra"]
[Source "ChessBase"]
[SourceDate "2009.09.03"]
[SourceVersion "2"]
[SourceVersionDate "2009.09.16"]
[SourceQuality "1"]

1. e4 e6 2. d4 d5 3. e5 c5 4. c3 Nc6 5. Nf3 Qb6 6. a3 f6 7. b4 fxe5 8. dxe5 Qc7 9. Bf4 Nge7 10. Bd3 c4 11. Bc2 g6 12. b5 Nd8 13. Nbd2 Bg7 14. 0-0 0-0 15. Bg3 Bd7 16. a4 a6 17. b6 Qc8 18. a5 Ndc6 19. Re1 Nf5 20. Bxf5 Rxf5 21. Nf1 Rf8 22. Nd4 Nxd4 23. Qxd4 Qd8 24. Nd2 Rf5 25. Nf3 Be8 26. Qe3 Qe7 1/2-1/2

[Event "BL 0809 (Women)"]
[Site "Germany"]
[Date "2009.03.08"]
[Round "9.5"]
[White "Sandner, Heike"]
[Black "Berglitz, Regina"]
[Result "1/2-1/2"]
[WhiteElo "1760"]
[BlackElo "2094"]
[PlyCount "90"]
[EventDate "2008.11.08"]
[EventType "team-tourn"]
[EventRounds "11"]
[EventCountry "GER"]
[SourceTitle "EXT 2010"]
[Source "ChessBase"]
[SourceDate "2010.11.25"]
[SourceVersion "1"]
[SourceVersionDate "2010.11.25"]
[SourceQuality "1"]
[WhiteTeam "Rodewisch (W)"]
[BlackTeam "Hamburger SK (W)"]
[WhiteTeamCountry "GER"]
[BlackTeamCountry "GER"]

1. e4 d5 2. exd5 Qxd5 3. Nc3 Qa5 4. d4 c6 5. Bc4 Bf5 6. Nf3 Nf6 7. Bd2 Qc7 8. Qe2 e6 9. 0-0-0 Nbd7 10. h3 0-0-0 11. Ne5 Nxe5 12. dxe5 Nd5 13. a3 a6 14. Rhe1 g5 15. Bd3 Bxd3 16. Qxd3 Bg7 17. Qe2 Rd7 18. Nxd5 Rxd5 19. Bc3 Rhd8 20. g3 Bf8 21. f4 gxf4 22. gxf4 Bc5 23. Bb4 Bxb4 24. axb4 Qe7 25. c3 Qh4 26. Rxd5 cxd5 27. Qf1 Qg3 28. Rd1 Rg8 29. Kc2 Qe3 30. Re1 Qg3 31. Kd2 Rd8 32. Re3 Qh4 33. Rf3 Kb8 34. Qf2 Qe7 35. Rg3 d4 36. Kc2 dxc3 37. bxc3 Qd7 38. Qe2 Qa4+ 39. Kb2 Qc6 40. Rd3 Rg8 41. Kb3 Qh1 42. Qd2 Qb1+ 43. Ka3 Qa1+ 44. Kb3 Qb1+ 45. Ka3 Qa1+ 1/2-1/2

[Event "BCF-chT2b 0809 (4NCL)"]
[Site "Hinckley Island"]
[Date "2009.01.18"]
[Round "6.8"]
[White "Haria, Ravi"]
[Black "Berglitz, Regina"]
[Result "1/2-1/2"]
[WhiteElo "1765"]
[BlackElo "2083"]
[PlyCount "62"]
[EventDate "2008.10.04"]
[EventType "team-tourn"]
[EventRounds "7"]
[EventCountry "ENG"]
[SourceTitle "EXT 2010"]
[Source "ChessBase"]
[SourceDate "2010.11.25"]
[SourceVersion "1"]
[SourceVersionDate "2010.11.25"]
[SourceQuality "1"]
[WhiteTeam "Kings Head"]
[BlackTeam "CHEDP"]
[WhiteTeamCountry "ENG"]
[BlackTeamCountry "ENG"]

1. e4 d5 2. exd5 Qxd5 3. Nc3 Qa5 4. d4 c6 5. Nf3 Nf6 6. Bc4 Bf5 7. Bd2 e6 8. Nd5 Qd8 9. Nxf6+ gxf6 10. Bc3 Nd7 11. Qe2 Nb6 12. Ba5 Qe7 13. Bb3 Bh6 14. Bd2 Bxd2+ 15. Qxd2 0-0-0 16. 0-0-0 Rhg8 17. Nh4 Be4 18. f3 Bd5 19. Rhe1 Qd6 20. g3 Bxb3 21. axb3 Rg5 22. f4 Rd5 23. Nf3 Qc7 24. c4 R5d7 25. Qa5 Kb8 26. Kc2 Nc8 27. Ra1 Qb6 28. Qxb6 axb6 29. Ra4 Ne7 30. g4 c5 31. dxc5 bxc5 1/2-1/2

[Event "BCF-chT2 0708 (4NCL)"]
[Site "Sunningdale"]
[Date "2008.05.05"]
[Round "11.5"]
[White "Berglitz, Regina"]
[Black "Gayson, Peter"]
[Result "0-1"]
[WhiteElo "2103"]
[BlackElo "2259"]
[PlyCount "58"]
[EventDate "2007.09.15"]
[EventType "team-tourn"]
[EventRounds "11"]
[EventCountry "ENG"]
[SourceTitle "EXT 2023"]
[Source "ChessBase"]
[SourceDate "2022.10.05"]
[SourceVersion "1"]
[SourceVersionDate "2022.10.05"]
[SourceQuality "1"]
[WhiteTeam "Cheddleton"]
[BlackTeam "White Rose"]
[WhiteTeamCountry "ENG"]
[BlackTeamCountry "ENG"]

1. e4 c5 2. Nf3 e6 3. c3 d5 4. exd5 exd5 5. d4 Nf6 6. Bb5+ Nc6 7. 0-0 Be7 8. dxc5 Bxc5 9. Bg5 Be7 10. Nbd2 0-0 11. Nb3 h6 12. Bh4 Bg4 13. h3 Bh5 14. Re1 Ne4 15. Bxe7 Nxe7 16. Nbd4 Qb6 17. Bd3 Qxb2 18. Bxe4 dxe4 19. Rxe4 Nd5 20. Rb1 Qxa2 21. Ne2 Bxf3 22. gxf3 Nf6 23. Re7 Rad8 24. Nd4 Nd5 25. Rexb7 Nxc3 26. Qc1 Nxb1 27. Nf5 Rb8 28. Rxb8 Rxb8 29. Qc7 Qb2 0-1

[Event "BL 0708 (Women)"]
[Site "Germany"]
[Date "2008.04.12"]
[Round "10.5"]
[White "Berglitz, Regina"]
[Black "Germann, Heike"]
[Result "1/2-1/2"]
[WhiteElo "2099"]
[BlackElo "2079"]
[PlyCount "46"]
[EventDate "2007.11.10"]
[EventType "team-tourn"]
[EventRounds "11"]
[EventCountry "GER"]
[SourceTitle "EXT 2009"]
[Source "ChessBase"]
[SourceDate "2008.11.26"]
[SourceVersion "1"]
[SourceVersionDate "2008.11.26"]
[SourceQuality "1"]
[WhiteTeam "Hamburger SK (W)"]
[BlackTeam "Leipzig WBA (W)"]
[WhiteTeamCountry "GER"]
[BlackTeamCountry "GER"]

1. e4 c5 2. c3 d5 3. exd5 Qxd5 4. d4 Nf6 5. Nf3 Bg4 6. Be2 e6 7. h3 Bh5 8. 0-0 Nc6 9. Na3 Be7 10. Nb5 Qd8 11. dxc5 Bxc5 12. Bg5 0-0 13. Nbd4 Nxd4 14. Nxd4 Bxe2 15. Nxe2 Be7 16. Qb3 Nd5 17. Bxe7 Qxe7 18. Rad1 Rad8 19. Rd4 Nb6 20. Rfd1 Rxd4 21. Rxd4 Rd8 22. Qd1 Rxd4 23. Qxd4 Qd7 1/2-1/2

[Event "BL 0708 (Women)"]
[Site "Germany"]
[Date "2008.01.27"]
[Round "7.5"]
[White "Krasnopeyeva, Julia"]
[Black "Berglitz, Regina"]
[Result "1/2-1/2"]
[WhiteElo "1940"]
[BlackElo "2099"]
[PlyCount "58"]
[EventDate "2007.11.10"]
[EventType "team-tourn"]
[EventRounds "11"]
[EventCountry "GER"]
[SourceTitle "EXT 2009"]
[Source "ChessBase"]
[SourceDate "2008.11.26"]
[SourceVersion "1"]
[SourceVersionDate "2008.11.26"]
[SourceQuality "1"]
[WhiteTeam "Schott Mainz (W)"]
[BlackTeam "Hamburger SK (W)"]
[WhiteTeamCountry "GER"]
[BlackTeamCountry "GER"]

1. e4 d5 2. exd5 Qxd5 3. Nc3 Qa5 4. d4 c6 5. Bc4 Bf5 6. Nf3 e6 7. Bd2 Nf6 8. Qe2 Bb4 9. 0-0-0 Nbd7 10. h3 Nb6 11. Bb3 Nbd5 12. Nxd5 cxd5 13. Nh4 Bxd2+ 14. Qxd2 Qxd2+ 15. Rxd2 Bg6 16. Re2 a6 17. Rhe1 b5 18. Re5 0-0-0 19. Nxg6 hxg6 20. R5e3 Kb7 21. c3 Rd7 22. Bc2 Ne8 23. a4 Nd6 24. axb5 axb5 25. b3 Rc8 26. Kb2 Rdc7 27. Bb1 Nf5 28. Bxf5 gxf5 29. b4 Ra8 1/2-1/2

[Event "GER-ch (Women)"]
[Site "Osterburg"]
[Date "2007.07.07"]
[Round "2"]
[White "Berglitz, Regina"]
[Black "Franzenburg, Maria"]
[Result "1-0"]
[WhiteElo "2107"]
[BlackElo "1580"]
[PlyCount "63"]
[EventDate "2007.07.05"]
[EventType "swiss"]
[EventRounds "9"]
[EventCountry "GER"]
[SourceTitle "CBM 119 Extra"]
[Source "ChessBase"]
[SourceDate "2007.09.04"]
[SourceVersion "1"]
[SourceVersionDate "2007.09.04"]
[SourceQuality "1"]

1. e4 e6 2. d4 d5 3. e5 c5 4. c3 Qb6 5. Nf3 Nc6 6. a3 f6 7. b4 cxd4 8. cxd4 fxe5 9. dxe5 Nge7 10. Bd3 g6 11. 0-0 Bg7 12. Bb2 0-0 13. Nbd2 Qc7 14. Rc1 a6 15. Re1 Bd7 16. Nb3 b6 17. Qe2 Qb7 18. Rc2 Rfc8 19. Ng5 h6 20. Nf3 Kh7 21. h4 Kg8 22. Nh2 Nd8 23. Rxc8 Bxc8 24. Qg4 h5 25. Qg3 Kh7 26. Qg5 Bh6 27. Qxh5 Nf5 28. Qg4 Qe7 29. Nf3 Nf7 30. h5 gxh5 31. Qxh5 Bb7 32. Nbd4 1-0

[Event "BL 0506 (Women)"]
[Site "Germany"]
[Date "2006.04.09"]
[Round "11.4"]
[White "Nagel, Verena"]
[Black "Berglitz, Regina"]
[Result "1-0"]
[WhiteElo "2086"]
[BlackElo "1984"]
[PlyCount "105"]
[EventDate "2005.10.29"]
[EventType "team-tourn"]
[EventRounds "11"]
[EventCountry "GER"]
[SourceTitle "EXT 2007"]
[Source "ChessBase"]
[SourceDate "2006.11.23"]
[SourceVersion "1"]
[SourceVersionDate "2006.11.23"]
[SourceQuality "1"]
[WhiteTeam "Grosslehna (W)"]
[BlackTeam "Hamburg (W)"]
[WhiteTeamCountry "GER"]
[BlackTeamCountry "GER"]

1. c4 Nf6 2. Nc3 c5 3. f4 d5 4. cxd5 Nxd5 5. g3 Nc6 6. Bg2 Nc7 7. Nf3 g6 8. 0-0 Bg7 9. Ng5 0-0 10. Nge4 Bd7 11. Kh1 b6 12. b3 Rc8 13. Bb2 Ne8 14. e3 Bf5 15. Nf2 e5 16. Qe2 Qd7 17. Rad1 exf4 18. gxf4 Bc2 19. Rc1 Nb4 20. Na4 Bf5 21. e4 Be6 22. Bxg7 Nxg7 23. Nc3 Rfd8 24. Rfd1 Ne8 25. d3 Nf6 26. Bf3 Nc6 27. Qf1 Nd4 28. Be2 Nxe2 29. Nxe2 Bg4 30. h3 Bf3+ 31. Kg1 Nh5 32. Rc2 Bxe2 33. Qxe2 Nxf4 34. Qf3 Ne6 35. Rcd2 Nd4 36. Qf4 Qc7 37. Qe3 Qe7 38. Ng4 h5 39. Nh6+ Kg7 40. Rf1 Rf8 41. Rg2 Qe6 42. Qg5 Rc6 43. Nf5+ Nxf5 44. exf5 Qf6 45. Qxh5 Rh8 46. Qf3 g5 47. Kh2 Qe5+ 48. Kh1 f6 49. Qxc6 Rxh3+ 50. Kg1 Qe3+ 51. Rgf2 g4 52. Qc7+ Kh6 53. Qf4+ 1-0

[Event "BL2 Gr03 0506 (Women)"]
[Site "Germany"]
[Date "2006.01.14"]
[Round "5.3"]
[White "Foisor, Sabina Francesca"]
[Black "Berglitz, Regina"]
[Result "1-0"]
[WhiteElo "2201"]
[BlackElo "1982"]
[PlyCount "81"]
[EventDate "2005.10.29"]
[EventType "team-tourn"]
[EventRounds "7"]
[EventCountry "GER"]
[SourceTitle "EXT 2007"]
[Source "ChessBase"]
[SourceDate "2006.11.23"]
[SourceVersion "1"]
[SourceVersionDate "2006.11.23"]
[SourceQuality "1"]
[WhiteTeam "Kiel Doppelbauer"]
[BlackTeam "Hamburger SK II"]
[WhiteTeamCountry "GER"]
[BlackTeamCountry "GER"]

1. d4 d5 2. c4 e6 3. Nc3 Be7 4. Nf3 Nf6 5. Bf4 0-0 6. e3 a6 7. Qc2 Nbd7 8. cxd5 exd5 9. Bd3 c6 10. h3 Re8 11. 0-0 Nf8 12. a3 Bd6 13. Bxd6 Qxd6 14. b4 N8d7 15. Rab1 b5 16. e4 dxe4 17. Nxe4 Qd5 18. Rfe1 Bb7 19. Nxf6+ Nxf6 20. Re5 Qd7 21. Rbe1 h6 22. Bf5 Qd6 23. Qc5 Qxc5 24. dxc5 Rxe5 25. Rxe5 Kf8 26. Re1 a5 27. Ne5 axb4 28. axb4 Nd5 29. Nd7+ Kg8 30. Nb6 Nxb6 31. cxb6 Kf8 32. Rd1 g6 33. Rd7 Rb8 34. Be4 Bc8 35. Rc7 Bb7 36. Bc2 Bc8 37. Bb3 Bf5 38. g4 Be4 39. b7 Kg7 40. Rxf7+ Kh8 41. Rc7 1-0

[Event "GER-chT2 (Women) 0405"]
[Site "Germany"]
[Date "2004.12.05"]
[Round "4"]
[White "Berglitz, Regina"]
[Black "Vine, Elzbieta"]
[Result "1/2-1/2"]
[WhiteElo "2072"]
[BlackElo "2162"]
[PlyCount "45"]
[EventDate "2004.11.06"]
[EventType "team"]
[EventRounds "9"]
[EventCountry "GER"]
[SourceTitle "EXT 2006"]
[Source "ChessBase"]
[SourceDate "2005.11.24"]
[SourceVersion "1"]
[SourceVersionDate "2005.11.24"]
[SourceQuality "1"]

1. e4 c5 2. c3 d5 3. exd5 Qxd5 4. d4 Nf6 5. Nf3 Bg4 6. Be2 e6 7. 0-0 Be7 8. Na3 0-0 9. Nb5 Na6 10. Be3 cxd4 11. Nbxd4 Nc5 12. Qc2 e5 13. Nf5 Bxf5 14. Qxf5 e4 15. Qxd5 Nxd5 16. Bxc5 Bxc5 17. Nd4 e3 18. Bf3 exf2+ 19. Rxf2 Rad8 20. Rd2 Rd7 21. Kh1 Rfd8 22. Nb3 b6 23. Rad1 1/2-1/2

[Event "GER-chT2 (Women) 0405"]
[Site "Germany"]
[Date "2004.12.04"]
[Round "3"]
[White "Kucypera, Anna"]
[Black "Berglitz, Regina"]
[Result "1-0"]
[WhiteElo "2231"]
[BlackElo "2072"]
[PlyCount "103"]
[EventDate "2004.11.06"]
[EventType "team"]
[EventRounds "9"]
[EventCountry "GER"]
[SourceTitle "EXT 2006"]
[Source "ChessBase"]
[SourceDate "2005.11.24"]
[SourceVersion "1"]
[SourceVersionDate "2005.11.24"]
[SourceQuality "1"]

1. e4 c5 2. Nf3 e6 3. d3 d5 4. Nbd2 dxe4 5. dxe4 Nc6 6. Bb5 Bd7 7. 0-0 a6 8. Bxc6 Bxc6 9. Ne5 Qc7 10. f4 Nf6 11. Qe2 Be7 12. b3 Nd7 13. Nxc6 Qxc6 14. Bb2 Bf6 15. e5 Be7 16. Rad1 0-0-0 17. Ne4 Nb6 18. c4 Rxd1 19. Rxd1 Rd8 20. Rxd8+ Kxd8 21. Bc3 Nd7 22. Be1 Nb8 23. Bf2 b6 24. h3 Ke8 25. Nc3 Nd7 26. Qh5 Nf8 27. Qg4 g6 28. Kh2 Nd7 29. Bh4 f6 30. exf6 Bxf6 31. Be1 Kf7 32. Qe2 Qd6 33. g3 Qd4 34. Ne4 Qb2 35. Ng5+ Ke7 36. Qxb2 Bxb2 37. Nxh7 e5 38. fxe5 Nxe5 39. Kg2 Nd3 40. Bd2 Bc1 41. Bc3 b5 42. cxb5 axb5 43. Kf3 b4 44. Bf6+ Ke6 45. Ke2 Ne5 46. Bxe5 Kxe5 47. Nf8 Kd4 48. Nxg6 Kc3 49. Nf4 Kc2 50. Nd3 Bh6 51. Nxc5 Kb1 52. Kd3 1-0

[Event "GER-chT2 (Women) 0405"]
[Site "Germany"]
[Date "2004.11.06"]
[Round "1"]
[White "Von Herman, Brigitte"]
[Black "Berglitz, Regina"]
[Result "1-0"]
[WhiteElo "2066"]
[BlackElo "2089"]
[PlyCount "79"]
[EventDate "2004.11.06"]
[EventType "team"]
[EventRounds "9"]
[EventCountry "GER"]
[SourceTitle "EXT 2006"]
[Source "ChessBase"]
[SourceDate "2005.11.24"]
[SourceVersion "1"]
[SourceVersionDate "2005.11.24"]
[SourceQuality "1"]

1. e4 d5 2. exd5 Qxd5 3. Nc3 Qa5 4. d4 c6 5. Nf3 Bf5 6. Bc4 e6 7. Ne5 Nf6 8. 0-0 Nbd7 9. Re1 Be7 10. Qe2 Nxe5 11. dxe5 Nd7 12. Bf4 h6 13. a3 g5 14. b4 Qc7 15. Bc1 0-0-0 16. Bb2 Nb6 17. Bb3 Rd7 18. Ne4 Rhd8 19. c4 Bxe4 20. Qxe4 Kb8 21. Bc2 Bf8 22. Bc3 Nc8 23. a4 Ne7 24. a5 Nf5 25. Ba4 Rd3 26. Rec1 Bg7 27. Rab1 Qe7 28. a6 f6 29. axb7 fxe5 30. Bxc6 Qc7 31. b5 R3d6 32. Ra1 Nd4 33. Ba5 Qxa5 34. Rxa5 Nb3 35. g3 Nxa5 36. c5 Rd4 37. Qg6 Bh8 38. Qxe6 Nxb7 39. Bxb7 Kxb7 40. Qxh6 1-0

[Event "BL 0304 (Women)"]
[Site "Germany"]
[Date "2004.04.18"]
[Round "11.5"]
[White "Berglitz, Regina"]
[Black "Belic, Jordanka"]
[Result "0-1"]
[WhiteElo "2076"]
[BlackElo "2319"]
[PlyCount "48"]
[EventDate "2003.11.29"]
[EventType "team-tourn"]
[EventRounds "11"]
[EventCountry "GER"]
[SourceTitle "EXT 2005"]
[Source "ChessBase"]
[SourceDate "2004.11.15"]
[SourceVersion "1"]
[SourceVersionDate "2004.11.15"]
[SourceQuality "1"]
[WhiteTeam "Hamburg"]
[BlackTeam "Emsdetten (W)"]
[WhiteTeamCountry "GER"]
[BlackTeamCountry "GER"]

1. e4 c5 2. Nf3 Nc6 3. Bb5 g6 4. 0-0 Bg7 5. Re1 e5 6. Nc3 Nge7 7. d3 0-0 8. a4 d6 9. Bc4 h6 10. Be3 Kh7 11. Nd2 f5 12. exf5 gxf5 13. f4 d5 14. Nxd5 Nxd5 15. Bxc5 Re8 16. fxe5 Nxe5 17. Bb3 b6 18. Bf2 Bb7 19. Qh5 Qg5 20. Qxg5 hxg5 21. Bd4 Nf4 22. g3 Nh3+ 23. Kf1 Ng4 24. Bxg7 Nxh2# 0-1

[Event "BL2 Gr3 0304 (Women)"]
[Site "Germany"]
[Date "2004.01.11"]
[Round "5.2"]
[White "Zschischang, Marine"]
[Black "Berglitz, Regina"]
[Result "1-0"]
[WhiteElo "2065"]
[BlackElo "2089"]
[PlyCount "54"]
[EventDate "2003.10.25"]
[EventType "team-tourn"]
[EventRounds "7"]
[EventCountry "GER"]
[SourceTitle "EXT 2006"]
[Source "ChessBase"]
[SourceDate "2005.11.24"]
[SourceVersion "1"]
[SourceVersionDate "2005.11.24"]
[SourceQuality "1"]
[WhiteTeam "Lehrte (W)"]
[BlackTeam "Hamburger SK (W) II"]
[WhiteTeamCountry "GER"]
[BlackTeamCountry "GER"]

1. d4 d5 2. c4 e6 3. Nc3 Be7 4. Nf3 Nf6 5. Bg5 0-0 6. e3 Nbd7 7. Rc1 c6 8. Bd3 Re8 9. 0-0 a6 10. Ne5 Nxe5 11. dxe5 Nd7 12. Bxe7 Qxe7 13. f4 dxc4 14. Bxc4 b5 15. Bd3 c5 16. Qh5 g6 17. Qf3 Rb8 18. b3 Bb7 19. Be4 Bc8 20. Bc6 Rd8 21. Ne4 Bb7 22. Nd6 Bxc6 23. Qxc6 Rb6 24. Qc7 Kf8 25. Nc8 Rxc8 26. Qxc8+ Kg7 27. Rfd1 Nb8 1-0